000 00311 a2200145 4500
001 180465
020 _a
040 _cMagnum
100 _aMarzola, Norma
240 1 0 _aEscola e classes populares
_lpor
245 1 0 _aEscola e classes populares
362 0 _a1899
697 _aMAGNITO: ENSINO
942 _cBK
999 _c180465
_d180465